| 000 | 00569nam a22002297a 4500 | ||
|---|---|---|---|
| 001 | 0074 | ||
| 003 | DO-SdBNP | ||
| 005 | 20151117093626.0 | ||
| 007 | 0074 | ||
| 008 | 151117b sp 1975 xxu||||| |||| 00| 0 spa d | ||
| 020 | _a8421400355 | ||
| 040 |
_aBPMSU _bspa _cBPMSU |
||
| 092 |
_axxxxxxxxx _bxxxxxxxxx |
||
| 100 | 1 | 0 | _aBeecher Stowe, H. |
| 245 | 1 | 3 |
_aLa cabaña del tio tom / _cH. Beecher Stowe |
| 260 |
_aEspaña : _bAura, _c1975. |
||
| 300 |
_a250 p. : _bil., _c19 cm. |
||
| 490 | 1 | 0 | _aJunior |
| 830 | 0 | 0 | _aJunior |
| 942 |
_2ddc _cBK |
||
| 956 | _aBrenda Tavárez | ||
| 999 |
_c8736 _d8736 |
||